| 000 | 00708nam a22001937a 4500 | ||
|---|---|---|---|
| 999 |
_c16991 _d16991 |
||
| 003 | AR-CdUCM | ||
| 008 | 190507b ||||| |||| 00| 0 spa d | ||
| 040 |
_aMUNICIPALIDAD PROVINCIAL DEL CUSCO _cBIBLIOTECA MUNICIPAL DEL CUSCO |
||
| 082 |
_a323.3 / _bE75 |
||
| 100 |
_aErlijman, Jacob _95733 |
||
| 245 | _aLa función social de los Intelectuales / | ||
| 260 |
_aBuenos Aires : _bOmeba, _c1962. |
||
| 300 |
_a203 páginas ; _c19 cm. |
||
| 505 | _aPreambulo -- De la crisis en general -- Crisis de la función social de las élites intelectuales -- El pretexto de la influencia de su difusion... | ||
| 650 |
_aIntelectuales. _93971 |
||
| 650 |
_aMentalidades. _936786 |
||
| 942 |
_2ddc _cLIBROS |
||
| 945 | _awfj | ||